[Event "Tourn. n8956"]
[Site "www.chess-mail.com"]
[Date "2016.10.19"]
[Round "1"]
[White "Ejner"]
[Black "Sandokam"]
[WhiteElo "2450"]
[BlackElo "2230"]
[Result "1-0"]
[Round "1"]
1.d4 d5
2.c4 c6
3.Ng1f3 Ng8f6
4.e3 Bc8f5
5.Nb1c3 h6
6.cxd5 Nf6xd5
7.Bf1c4 e6
8.O-O Nd5xc3
9.bxc3 Nb8d7
10.Qd1e2 Bf8d6
11.e4 Bf5g6
12.d5 e5
13.dxc6 bxc6
14.Rf1d1 Qd8e7
15.Nf3h4 Bg6h7
16.Qe2g4 g5
17.Nh4f5 Bh7xf5
18.Qg4xf5 Nd7f6
19.Bc1e3 Kf8
20.Rd1d2 Kg7
21.Ra1d1 Ra8d8
22.Be3xa7 Qe7xa7
23.Rd2xd6 { resign }
1-0

[Event "Tourn. n8977"]
[Site "www.chess-mail.com"]
[Date "2016.10.19"]
[Round "1"]
[White "Pellix84"]
[Black "Luban"]
[WhiteElo "1950"]
[BlackElo "1990"]
[Result "1-0"]
[Round "1"]
1.d4 d5
2.Ng1f3 e6
3.a3 c5
4.c3 h6
5.Bc1f4 Nb8c6
6.e3 a6
7.Bf1d3 Ng8f6
8.Nb1d2 Bf8d6
9.Nf3e5 Bc8d7
10.Nd2f3 cxd4
11.exd4 Qd8c7
12.O-O O-O
13.Rf1e1 Nf6h5
14.Bf4g3 Nh5xg3
15.hxg3 b5
16.Bd3c2 f5
17.Qd1d3 Nc6xe5
18.Nf3xe5 Bd6xe5
19.Re1xe5 Rf8f6
20.g4 fxg4
21.Qd3h7 Kf7
22.Ra1f1 Ra8g8
23.f4 Qc7c8
24.f5 Rg8h8
25.fxe6 Bd7xe6
26.Bc2g6 { resign }
1-0

[Event "Tourn. n8983"]
[Site "www.chess-mail.com"]
[Date "2016.10.19"]
[Round "1"]
[White "Hansen"]
[Black "Mao"]
[WhiteElo "1570"]
[BlackElo "1690"]
[Result "1-0"]
[Round "1"]
1.e4 e5
2.Qd1h5 Nb8c6
3.Bf1c4 g6
4.Qh5f3 Ng8f6
5.d3 Bf8g7
6.Bc1g5 Nc6d4
7.Qf3d1 O-O
8.c3 Nd4c6
9.Ng1f3 d6
10.d4 exd4
11.cxd4 h6
12.Bg5xf6 Bg7xf6
13.Nb1a3 Bc8g4
14.Na3b5 a6
15.Nb5c3 Nc6xd4
16.Nc3d5 Bf6g7
17.h3 Nd4xf3
18.gxf3 Bg4h5
19.Rh1g1 c6
20.Nd5f4 Bg7xb2
21.Ra1b1 Bb2c3
22.Kf1 Kh7
23.Rb1xb7 Qd8a5
24.Qd1xd6 Bc3e5
25.Qd6xc6 Be5xf4
26.Bc4xf7 Kh8
27.Bf7xg6 Bh5xg6
28.Qc6xg6 Rf8f7
29.Rb7xf7 Qa5b5
30.Ke1 Qb5b1
31.Ke2 Qb1b2
32.Kf1 Qb2c1
33.Kg2 { resign }
1-0

[Event "Tourn. n8990"]
[Site "www.chess-mail.com"]
[Date "2016.10.19"]
[Round "1"]
[White "Mao"]
[Black "Albertf"]
[WhiteElo "1690"]
[BlackElo "1700"]
[Result "0-1"]
[Round "1"]
1.e4 e5
2.Ng1f3 Nb8c6
3.Bf1c4 Nc6d4
4.O-O Nd4xf3
5.Qd1xf3 Qd8f6
6.Qf3b3 d6
7.f4 Qf6e7
8.d3 b6
9.Bc4b5 Bc8d7
10.Qb3a4 Bd7xb5
11.Qa4xb5 Qe7d7
12.Qb5xd7 Kxd7
13.fxe5 Ke6
14.exd6 Bf8xd6
15.Nb1c3 Ng8e7
16.Bc1f4 Bd6c5
17.Kh1 c6
18.Ra1d1 Ra8d8
19.Nc3a4 Bc5d6
20.e5 Bd6c7
21.d4 Ne7d5
22.Bf4g3 Nd5e3
23.Na4c3 Ne3xf1
24.Rd1xf1 Rd8xd4
25.Rf1e1 Rd4d2
{ resign }
0-1

[Event "Tourn. n8971"]
[Site "www.chess-mail.com"]
[Date "2016.10.19"]
[Round "1"]
[White "Numanoid"]
[Black "Glenno"]
[WhiteElo "2320"]
[BlackElo "2400"]
[Result "1-0"]
[Round "1"]
1.e4 e5
2.Ng1f3 Nb8c6
3.d4 exd4
4.Nf3xd4 Bf8c5
5.Nd4xc6 Qd8f6
6.Qd1f3 dxc6
7.Nb1c3 Bc8e6
8.Qf3g3 O-O-O
9.Bc1e3 Bc5xe3
10.Qg3xe3 Qf6h6
11.f4  { time }
1-0

[Event "Tourn. n9002"]
[Site "www.chess-mail.com"]
[Date "2016.10.19"]
[Round "1"]
[White "Jose"]
[Black "Seger"]
[WhiteElo "2770"]
[BlackElo "2780"]
[Result "1/2-1/2"]
[Round "1"]
1.Ng1f3 c5
2.e4 d6
3.d4 cxd4
4.Nf3xd4 Ng8f6
5.Nb1c3 a6
6.Bc1g5 e6
7.f4 Qd8b6
8.Qd1d2 Qb6xb2
9.Ra1b1 Qb2a3
10.e5 dxe5
11.fxe5 Nf6d7
12.Nc3e4 h6
13.Bg5h4 Qa3xa2
14.Rb1d1 Qa2d5
15.Qd2e3 Qd5xe5
16.Bf1e2 Bf8c5
17.Bh4g3 Qe5d5
18.O-O e5
19.Ne4xc5 Qd5xc5
20.Rf1xf7 Kxf7
21.Be2h5 g6
22.Rd1f1 Ke7
23.Bg3h4 Kd6
24.Rf1d1 exd4
25.Bh4g3 { draw }
1/2-1/2

[Event "Tourn. n8975"]
[Site "www.chess-mail.com"]
[Date "2016.10.19"]
[Round "1"]
[White "Madz123456"]
[Black "Manuelito"]
[WhiteElo "1650"]
[BlackElo "1599"]
[Result "1-0"]
[Round "1"]
1.e4 e5
2.Nb1c3 d6
3.Ng1f3 f5
4.d4 Ng8f6
5.dxe5 dxe5
6.Qd1xd8 Kxd8
7.Nf3xe5 Ke7
8.Bc1g5 h6
9.Ne5g6 Kd6
10.O-O-O Kc6
11.Bg5xf6 gxf6
12.Ng6xh8 Bf8g7
13.Nh8f7 fxe4
14.Nc3a4 Bc8e6
15.Nf7d8 { resign }
1-0

[Event "Tourn. n8954"]
[Site "www.chess-mail.com"]
[Date "2016.10.19"]
[Round "1"]
[White "Bojan"]
[Black "Julian"]
[WhiteElo "1950"]
[BlackElo "2020"]
[Result "1-0"]
[Round "1"]
1.e4 c5
2.Ng1f3 d6
3.Bf1c4 e6
4.a3 Ng8f6
5.Nb1c3 Bf8e7
6.e5 dxe5
7.Nf3xe5 O-O
8.Qd1f3 Qd8d4
9.Qf3e3 Nb8c6
10.Ne5xc6 bxc6
11.d3 e5
12.Qe3g3 e4
13.Bc1e3 Qd4d6
14.O-O-O Qd6xg3
15.hxg3 Bc8f5
16.f3 exd3
17.cxd3 Rf8e8
18.Nc3e4 Nf6xe4
19.dxe4 Bf5e6
20.Bc4a6 Re8d8
21.f4 Be6g4
22.Rd1xd8 Ra8xd8
23.Ba6b7 h5
24.Bb7xc6 f6
25.Bc6d5 Kh7
26.Kc2 Kg6
27.Kc3 f5
28.Kc4 fxe4
29.Bd5xe4 Kf7
30.Rh1c1 Bg4e2
31.Kb3 c4
32.Ka4 h4
33.gxh4 Kf8
34.Be3xa7 Be2d3
35.Be4xd3 cxd3
36.Ba7e3 Be7xh4
37.b4 Bh4f6
38.g4 Bf6b2
39.Rc1d1 Rd8a8
40.Kb3 Bb2xa3
41.Rd1xd3 Kf7
42.Rd3d1 Ra8e8
43.Be3c5 Re8e4
44.Kxa3 Re4xf4
45.Rd1d4 Rf4f3
46.Ka4 Rf3f1
47.b5 Rf1a1
48.Kb4 Ke6
49.b6 Ra1b1
50.Ka5 { resign }
1-0

[Event "Tourn. n8991"]
[Site "www.chess-mail.com"]
[Date "2016.10.19"]
[Round "1"]
[White "Francesco"]
[Black "Luban"]
[WhiteElo "1980"]
[BlackElo "1990"]
[Result "1/2-1/2"]
[Round "1"]
1.d4 d5
2.Ng1f3 e6
3.c4 dxc4
4.Qd1a4 Bc8d7
5.Qa4xc4 c5
6.Bc1g5 f6
7.Bg5f4 Nb8c6
8.dxc5 Qd8a5
9.Nb1c3 a6
10.Bf4d6 Ng8h6
11.Ra1d1 O-O-O
12.a3 Bf8xd6
13.Rd1xd6 Nh6f7
14.Rd6d1 Nf7e5
15.Nf3xe5 Nc6xe5
16.Qc4h4 Qa5xc5
17.e3 Kb8
18.Bf1e2 Ne5g6
19.Qh4c4 Qc5xc4
20.Be2xc4 Ng6e5
21.Bc4a2 Rh8e8
22.Ke2 Ne5c6
23.Rd1d2 e5
24.Rh1d1 Bd7f5
25.b4 Rd8xd2
26.Rd1xd2 Re8d8
27.Rd2xd8 { draw }
1/2-1/2

[Event "Tourn. n8955"]
[Site "www.chess-mail.com"]
[Date "2016.10.19"]
[Round "1"]
[White "Julian"]
[Black "Norlavuaram"]
[WhiteElo "2020"]
[BlackElo "2150"]
[Result "1/2-1/2"]
[Round "1"]
1.e4 e5
2.Ng1f3 Nb8c6
3.Bf1c4 Bf8e7
4.c3 Ng8f6
5.d3 h6
6.O-O d6
7.h3 O-O
8.Bc1e3 Nc6a5
9.Bc4b5 a6
10.Bb5a4 b5
11.Ba4c2 c5
12.Nb1d2 Na5c6
13.Rf1e1 Bc8e6
14.Nd2f1 Qd8c7
15.Nf1g3 Rf8d8
16.d4 Be6c8
17.d5 Nc6b8
18.Qd1d2 Nf6h7
19.Be3xh6 gxh6
20.Qd2xh6 Be7f8
21.Qh6h4 Qc7e7
22.Ng3f5 Qe7xh4
23.Nf3xh4 Nb8d7
24.Re1e3 Nd7f6
25.Re3g3 Kh8
26.Ra1f1 Nf6h5
27.Rg3f3 Ra8a7
28.Kh2 Bf8e7
29.Nf5xe7 Ra7xe7
30.Nh4f5 Bc8xf5
31.exf5 Nh5f6
32.g4 Nh7g5
33.Rf3g3 Nf6xd5
34.h4 Ng5h7
35.Bc2b3 c4
36.Bb3d1 Nd5f4
37.g5 Rd8g8
38.f6 Re7e8
39.Bd1f3 e4
40.Bf3d1 d5
41.Bd1g4 Nh7f8
42.Rf1d1 Nf4d3
43.Rd1d2 Nf8e6
44.Bg4xe6 Re8xe6
45.h5 Re6e5
46.f3 Re5xg5
47.Rg3xg5 Rg8xg5
{ draw }
1/2-1/2

[Event "Tourn. n8870"]
[Site "www.chess-mail.com"]
[Date "2016.10.19"]
[Round "1"]
[White "Picifarkinca"]
[Black "Ztornad"]
[WhiteElo "1980"]
[BlackElo "1830"]
[Result "1-0"]
[Round "1"]
1.Ng1f3 Nb8c6
2.g3 b6
3.Bf1g2 Ra8b8
4.O-O e6
5.b3 Qd8f6
6.d4 e5
7.e4 h6
8.Bc1b2 Bf8d6
9.c4 Nc6a5
10.Qd1d2 Na5c6
11.d5 Nc6e7
12.Nb1c3 Bc8a6
13.Rf1e1 Ne7g6
14.a3 Ng8e7
15.Nc3d1 Ne7c8
16.Nd1e3 b5
17.Ra1c1 b4
18.a4 Nc8e7
19.c5 O-O
20.cxd6 Qf6xd6
21.Bg2h3 Ba6c8
22.Ne3c4 Qd6f6
23.Nf3xe5 c5
24.Ne5xd7 Qf6g5
25.Qd2xg5 hxg5
26.Nd7xf8 Bc8xh3
27.Nf8xg6 Ne7xg6
28.e5 Rb8f8
29.f3 Bh3c8
30.Kg2 Ng6e7
31.Rc1d1 Rf8d8
32.d6 Ne7c6
33.Rd1d5 Bc8e6
34.Rd5xc5 Be6d7
35.Nc4a5 Nc6xa5
36.Rc5xa5 Rd8a8
37.Bb2d4 a6
38.Re1c1 f5
39.exf6 gxf6
40.Bd4xf6 Kf7
41.Bf6xg5 Ke6
42.Bg5e7 Ra8c8
43.Rc1e1 Kf7
44.Ra5xa6 Rc8c2
45.Kg1 Rc2d2
46.Ra6a7 Bd7h3
47.Be7g5 Kg6
48.Bg5xd2 Kf6
49.g4 Bh3xg4
50.fxg4  { time }
1-0

[Event "Tourn. n9012"]
[Site "www.chess-mail.com"]
[Date "2016.10.19"]
[Round "1"]
[White "Attatroll"]
[Black "Bojan"]
[WhiteElo "1950"]
[BlackElo "1900"]
[Result "0-1"]
[Round "1"]
1.e4 e5
2.Ng1f3 Nb8c6
3.Bf1b5 Qd8f6
4.Nb1c3 Ng8e7
5.O-O a6
6.Bb5c4 Nc6a5
7.Bc4b3 h6
8.d3 d6
9.Bc1d2 Na5xb3
10.axb3 Bc8g4
11.h3 Bg4xf3
12.Qd1xf3 Qf6xf3
13.gxf3 f5
14.exf5 Ne7xf5
15.Nc3b5 Kd7
16.Bd2c3 Bf8e7
17.Nb5a3 Rh8g8
18.Na3c4 Nf5h4
19.Nc4e3 Nh4xf3
20.Kg2 Nf3h4
21.Kg1 c6
22.Ne3g4 Be7g5
23.d4 exd4
24.Bc3b4 c5
25.Bb4a3 a5
26.f4 Bg5e7
27.Ra1e1 b5
28.c3 b4
29.cxd4 bxa3
30.dxc5 axb2
31.cxd6 Be7xd6
32.Re1b1 h5
33.Ng4e3 Rg8f8
34.Ne3c4 Bd6xf4
35.Nc4b6 Kc6
36.Nb6xa8 Bf4e3
37.Kh2 Rf8xf1
38.Rb1xb2 Kb7
39.Kg3 g5
40.Rb2e2 Rf1f3
41.Kh2 Rf3f2
{ resign }
0-1

[Event "Tourn. n8979"]
[Site "www.chess-mail.com"]
[Date "2016.10.19"]
[Round "1"]
[White "Bronstein70"]
[Black "B0zata"]
[WhiteElo "2230"]
[BlackElo "2280"]
[Result "1-0"]
[Round "1"]
1.e4 e5
2.f4 exf4
3.Bf1c4 Qd8h4
4.Kf1 Bf8c5
5.d4 Bc5b6
6.Ng1f3 Qh4e7
7.Nb1c3 d6
8.Nc3d5 Qe7xe4
9.Nf3g5 Qe4f5
10.Qd1e2 Bc8e6
11.Ng5xe6 fxe6
12.Nd5xb6 axb6
13.Bc4xe6 Qf5f6
14.Be6xg8 Kd7
15.Qe2g4 Kd8
16.Bg8b3 Qf6xd4
17.Bc1xf4 Rh8f8
18.g3 h6
19.Kg2 g5
20.Bf4xg5 hxg5
21.Qg4xd4 Nb8c6
22.Qd4g7 { resign }
1-0

[Event "Tourn. n8995"]
[Site "www.chess-mail.com"]
[Date "2016.10.19"]
[Round "1"]
[White "Picifarkinca"]
[Black "Julian"]
[WhiteElo "1940"]
[BlackElo "1990"]
[Result "1-0"]
[Round "1"]
1.e4 e5
2.Ng1f3 f5
3.d4 fxe4
4.Nf3xe5 Ng8f6
5.Bc1g5 d6
6.Ne5c4 Bf8e7
7.Bf1e2 Bc8e6
8.O-O O-O
9.Nc4e3 d5
10.c4 c6
11.Nb1c3 Nb8d7
12.Ra1c1 Ra8c8
13.Qd1b3 b6
14.cxd5 cxd5
15.Rf1d1 Qd8e8
16.Qb3a4 a5
17.Qa4b5 Qe8g6
18.Bg5h4 Be6f7
19.Bh4g3 Rf8d8
20.Nc3xd5 Nf6xd5
21.Ne3xd5 Bf7xd5
22.Qb5xd5 Qg6f7
23.Qd5xe4 Rc8xc1
24.Rd1xc1 Be7f6
25.Be2c4 { resign }
1-0

[Event "Match"]
[Site "www.echecsemail.com"]
[Date "2016.10.19"]
[Round "1"]
[White "Ditto"]
[Black "Chapi"]
[WhiteElo "1850"]
[BlackElo "2180"]
[Result "0-1"]
[Round "1"]
1.e4 c5
2.Ng1f3 Nb8c6
3.Bf1c4 Ng8f6
4.d3 d6
5.Nb1c3 g6
6.O-O Bf8g7
7.Bc1g5 O-O
8.Nc3d5 Nf6xd5
9.Bc4xd5 Nc6b4
10.Bd5b3 Qd8c7
11.c3 Nb4c6
12.Rf1e1 Bc8e6
13.Bb3xe6 fxe6
14.Bg5e3 b6
15.Qd1d2 Nc6e5
16.Nf3g5 Rf8f6
17.Qd2c2 Ra8f8
18.Qc2b3 Qc7d7
19.Ng5xe6 Qd7xe6
20.c4 Ne5g4
21.f3 Ng4xe3
22.Re1xe3 Rf6f4
23.Ra1b1 Bg7d4
24.Kf2 Bd4xe3
25.Kxe3 Qe6e5
26.Qb3d1 Qe5g5
27.Kf2 Qg5h4
28.Kg1 g5
29.g3 Qh4h3
30.gxf4 Rf8xf4
31.Qd1f1 Qh3xf3
32.Qf1xf3 Rf4xf3
33.Rb1d1 h5
34.Kg2 g4
35.Rd1d2 Kf7
36.b3 Kf6
37.a4 Ke5
38.Kg1 Kd4
39.Kg2 Rf3xd3
40.Rd2f2 Kxe4
41.Rf2e2 Rd3e3
42.Re2f2 Re3xb3
43.Rf2f7 e6
44.Rf7xa7 Rb3b4
45.Kg3 Rb4xc4
46.Kh4 d5
47.Kxh5 d4
48.Kxg4 d3
49.h4 d2
50.Ra7d7 Rc4d4
51.Rd7b7 d1Q
52.Kg5 Rd4d5
53.Kh6 Qd1h5
54.Kg7 Rd5g5
55.Kf8 Qh5h8
56.Ke7 Rg5g7
{ resign }
0-1

[Event "Match"]
[Site "www.echecsemail.com"]
[Date "2016.10.19"]
[Round "1"]
[White "Bojan"]
[Black "Mitja"]
[WhiteElo "1900"]
[BlackElo "1980"]
[Result "1-0"]
[Round "1"]
1.c4 e6
2.a3 c6
3.b4 Bf8d6
4.Bc1b2 Ng8f6
5.e3 Bd6e7
6.d4 b6
7.Bf1d3 Bc8b7
8.c5 d6
9.cxb6 axb6
10.Nb1c3 h6
11.Ng1h3 Bb7a6
12.b5 Ba6b7
13.Qd1f3 d5
14.O-O Qd8c7
15.Rf1c1 Be7d6
16.e4 dxe4
17.Nc3xe4 Nf6xe4
18.Bd3xe4 Bd6xh2
19.Kh1 Bh2d6
20.bxc6 Bb7a6
21.Rc1e1 O-O
22.Ra1c1 Ba6b5
23.d5 e5
24.Qf3f5 g6
25.Qf5g4 Kg7
26.f4 f5
27.Qg4f3 fxe4
28.Qf3xe4 Kh7
29.fxe5 Bd6xa3
30.Rc1a1 Ra8a4
31.Qe4c2 Ba3xb2
32.Qc2xb2 Ra4xa1
33.Qb2xa1 Bb5d3
34.g3 Nb8xc6
35.Nh3f4 Bd3f5
36.Qa1c3 Rf8c8
37.dxc6 Qc7xc6
38.Qc3xc6 Rc8xc6
39.e6 Rc6c8
40.Nf4d5 g5
41.e7 Bf5g6
42.Nd5xb6 Rc8b8
43.Nb6d5 Bg6e8
44.Re1f1 Kg7
45.Kh2 Rb8b2
46.Kg1 Rb2b8
47.Rf1f8 Rb8c8
48.Nd5f6 Rc8c1
49.Kf2 Rc1c7
50.Nf6xe8 { resign }
1-0

[Event "Match"]
[Site "www.echecsemail.com"]
[Date "2016.10.19"]
[Round "1"]
[White "Krystek23"]
[Black "Genius5"]
[WhiteElo "2340"]
[BlackElo "1620"]
[Result "1-0"]
[Round "1"]
1.c4 f5
2.Ng1f3 Ng8f6
3.Nb1c3 g6
4.g3 Bf8g7
5.Bf1g2 c6
6.d4 d6
7.O-O O-O
8.Qd1c2 Qd8c7
9.e4 fxe4
10.Nc3xe4 Bc8f5
11.Ne4xf6 Bg7xf6
12.Qc2e2 Nb8d7
13.Bc1h6 Rf8f7
14.Nf3g5 Bf6xg5
15.Bh6xg5 e5
16.g4 Bf5e6
17.d5 { resign }
1-0

[Event "Match"]
[Site "www.echecsemail.com"]
[Date "2016.10.19"]
[Round "1"]
[White "Ericleo1980"]
[Black "Calponas"]
[WhiteElo "2130"]
[BlackElo "2040"]
[Result "1-0"]
[Round "1"]
1.e4 c5
2.Ng1f3 d6
3.d4 cxd4
4.Nf3xd4 Ng8f6
5.Nb1c3 a6
6.Bc1e3 e5
7.Nd4b3 Bf8e7
8.f3 Qd8c7
9.Qd1d2 Bc8e6
10.g4 Nb8c6
11.g5 Nf6h5
12.O-O-O O-O-O
13.Rh1g1 g6
14.Kb1 Kb8
15.Nc3a4 Be6xb3
16.cxb3 Rd8c8
17.Na4b6 Rc8d8
18.Bf1c4 Rh8f8
19.Rd1c1 Nh5f4
20.Bc4d5 f6
21.h4 fxg5
22.hxg5 Rf8h8
23.b4 h5
24.gxh6 Rh8xh6
25.a4 Rd8h8
26.b5 Rh6h2
27.Qd2d1 Nf4e2
28.bxc6 Ne2xc1
29.Qd1xc1 Rh2e2
30.cxb7 Rh8h2
31.Qc1xc7 { resign }
1-0

[Event "Match"]
[Site "www.echecsemail.com"]
[Date "2016.10.19"]
[Round "1"]
[White "Billyg"]
[Black "Sonny1000"]
[WhiteElo "1660"]
[BlackElo "1360"]
[Result "1-0"]
[Round "1"]
1.e4 e5
2.Ng1f3 f6
3.d4 d6
4.h3 g5
5.Nb1c3 f5
6.Bf1d3 Ng8f6
7.exf5 Nb8c6
8.O-O Nc6b4
9.Bd3b5 Bc8d7
10.Bb5xd7 Nf6xd7
11.a3 Qd8f6
12.axb4 Nd7b6
13.g4 Nb6c4
14.Qd1e2 Qf6h6
15.Nf3xg5 a6
16.f4 Qh6h4
17.Qe2f2 Qh4xf2
18.Rf1xf2 exd4
19.Nc3d5 Kd7
20.b3 Nc4b6
21.Nd5xb6 Kc6
22.Nb6c4 Ra8e8
23.Ng5f3 Bf8g7
24.Bc1b2 d5
25.Nc4a5 Kb5
26.Nf3xd4 Kxb4
27.Na5xb7 Re8e3
28.Ra1a4 { resign }
1-0

[Event "Match"]
[Site "www.echecsemail.com"]
[Date "2016.10.19"]
[Round "1"]
[White "Ditto"]
[Black "Pare123"]
[WhiteElo "1850"]
[BlackElo "1960"]
[Result "0-1"]
[Round "1"]
1.e4 e6
2.Bf1c4 Nb8c6
3.d3 Bf8c5
4.Ng1f3 Ng8e7
5.Bc1g5 f6
6.Nb1c3 fxg5
7.Nf3xg5 Ne7g6
8.Qd1f3 Qd8f6
9.Qf3xf6 gxf6
10.Ng5f3 a6
11.a3 b5
12.Bc4a2 Bc8b7
13.O-O Nc6d4
14.Nf3xd4 Bc5xd4
15.Nc3d1 O-O-O
16.c3 Bd4b6
17.Rf1e1 h5
18.d4 h4
19.Ba2b1 Ng6f4
20.Nd1e3 Rd8g8
21.Bb1c2 f5
22.f3 fxe4
23.fxe4 Rg8g7
24.Re1f1 e5
25.Ne3f5 Rg7xg2
26.Kh1 Rg2xc2
27.Ra1b1 Bb7xe4
28.Kg1 Nf4h3
{ resign }
0-1

[Event "1/128 Finale"]
[Site "www.chess-mail.com"]
[Date "2016.10.19"]
[Round "1"]
[White "Julian"]
[Black "Llord"]
[WhiteElo "2010"]
[BlackElo "1890"]
[Result "1-0"]
[Round "1"]
1.e4 e5
2.f4 exf4
3.Ng1f3 Bf8c5
4.d4 Bc5b6
5.Bf1c4 Ng8e7
6.O-O O-O
7.Bc1xf4 d6
8.Kh1 Ne7g6
9.Bf4e3 Bc8g4
10.Nb1d2 c5
11.c3 cxd4
12.cxd4 Bg4xf3
13.Nd2xf3 Rf8e8
14.Qd1d3 Nb8c6
15.Ra1d1 Nc6b4
16.Qd3b1 Ra8c8
17.Bc4b3 Ng6h4
18.Nf3xh4 Qd8xh4
19.Bb3xf7 Kh8
20.Bf7xe8 Rc8xe8
21.Rf1f4 Qh4h5
22.Rd1f1 h6
23.Rf4f8 Re8xf8
24.Rf1xf8 Kh7
25.e5 g6
26.exd6 Nb4c6
27.Rf8f7 Kg8
28.Rf7xb7 Nc6xd4
29.Be3xd4 Bb6xd4
30.d7 Bd4f6
31.Qb1f1 g5
32.Rb7b8 Kh7
33.Qf1f5 Kg7
34.g4 Qh5h4
35.Rb8g8 Kxg8
36.Qf5g6 { resign }
1-0

[Event "1/64 Finale"]
[Site "www.chess-mail.com"]
[Date "2016.10.19"]
[Round "1"]
[White "Mitja"]
[Black "Guidom"]
[WhiteElo "2000"]
[BlackElo "2150"]
[Result "0-1"]
[Round "1"]
1.d4 d5
2.e3 c6
3.h3 Bc8f5
4.c3 e6
5.Ng1e2 Ng8f6
6.Ne2g3 Bf5g6
7.Bf1d3 Bf8d6
8.Bd3xg6 hxg6
9.Qd1f3 Nb8d7
10.Nb1d2 Qd8c7
11.e4 Bd6xg3
12.fxg3 dxe4
13.Nd2xe4 Nf6xe4
14.Qf3xe4 Qc7xg3
15.Kf1 Nd7f6
16.Bc1f4 Nf6xe4
{ resign }
0-1

[Event "Tourn. n8909"]
[Site "www.chess-mail.com"]
[Date "2016.10.20"]
[Round "1"]
[White "Marbachess"]
[Black "Sachpat"]
[WhiteElo "2630"]
[BlackElo "2310"]
[Result "1/2-1/2"]
[Round "1"]
1.f4 d5
2.b3 Ng8f6
3.Bc1b2 g6
4.Ng1f3 Bf8g7
5.e3 O-O
6.Bf1e2 c5
7.O-O Nb8c6
8.Nf3e5 Qd8c7
9.Ne5xc6 Qc7xc6
10.a4 Bc8d7
11.Be2f3 Qc6e6
12.Qd1e2 Bd7c6
13.d3 Nf6e8
14.Bb2xg7 Ne8xg7
15.Nb1d2 Qe6f6
16.Bf3g4 Qf6c3
17.Nd2f3 Ra8d8
18.Bg4h3 Bc6d7
19.Bh3xd7 Rd8xd7
20.Ra1d1 Rf8d8
21.g4 f6
22.Rf1f2 a6
23.Qe2e1 Qc3xe1
24.Rd1xe1 Kf7
25.Kg2 Rd8c8
26.h3 Ng7e6
27.Kg3 b5
28.axb5 axb5
29.b4 c4
30.f5 gxf5
31.gxf5 Ne6d8
32.Nf3d4 Nd8c6
33.Nd4xc6 Rc8xc6
34.Rf2f4 d4
35.exd4 cxd3
36.cxd3 Rc6c3
37.Re1e3 Rc3b3
38.Rf4h4 Kg8
39.Kf2 Rb3xb4
40.Re3g3 Kh8
41.Rh4g4 Rd7d8
42.Ke3 Rb4a4
43.Rg4e4 Ra4a7
44.Kd2 b4
45.Kc2 Rd8b8
46.Kb3 Ra7a3
47.Kb2 Rb8g8
48.Re4g4 Rg8xg4
49.hxg4 { draw }
1/2-1/2

[Event "Tourn. n9012"]
[Site "www.chess-mail.com"]
[Date "2016.10.20"]
[Round "1"]
[White "Attatroll"]
[Black "Malbertan"]
[WhiteElo "1950"]
[BlackElo "2010"]
[Result "1-0"]
[Round "1"]
1.e4 g5
2.Nb1c3 Bf8g7
3.d4 h6
4.Ng1f3 c5
5.dxc5 Qd8a5
6.Bc1d2 Qa5xc5
7.Bf1e2 e6
8.O-O Ng8e7
9.h3 d6
10.Bd2e3 Qc5c7
11.Nc3b5 Qc7c6
12.Nb5d4 Qc6xe4
13.Nd4b5 O-O
14.Nb5c7 Ne7f5
15.Nc7xa8 Nf5xe3
16.fxe3 Qe4xe3
17.Kh1 e5
18.Qd1d3 Qe3c5
19.Qd3c3 Qc5xc3
20.bxc3 e4
21.Nf3d4 Nb8c6
22.Nd4xc6 bxc6
23.Na8c7 Bg7xc3
24.Ra1b1 d5
25.Nc7a6 d4
26.Be2c4 Rf8e8
27.Bc4xf7 { resign }
1-0

[Event "Tourn. n8959"]
[Site "www.chess-mail.com"]
[Date "2016.10.20"]
[Round "1"]
[White "Paaliaq"]
[Black "Gimmyg"]
[WhiteElo "2600"]
[BlackElo "2500"]
[Result "1-0"]
[Round "1"]
1.e4 c5
2.Ng1f3 e6
3.Nb1c3 Nb8c6
4.d4 cxd4
5.Nf3xd4 Ng8f6
6.Nd4b5 d6
7.Bc1f4 a6
8.Nb5xd6 Bf8xd6
9.Qd1xd6 Qd8e7
10.Qd6xe7 Kxe7
11.Bf4c7 g6
12.O-O-O Kf8
13.Nc3a4 b5
14.Na4c5 Kg7
15.f3 Nf6e8
16.Bc7g3 h5
17.h4 e5
18.Bf1e2 Ra8a7
19.a4 bxa4
20.Nc5xa4 f6
21.Bg3f2 Ra7c7
22.c3 a5
23.Bf2b6 Rc7b7
24.Be2c4 Rb7e7
25.Na4c5 Kh7
26.Bc4b5 Nc6b8
27.Bb6xa5 Ne8c7
28.Ba5xc7 Re7xc7
29.b4 Rh8f8
30.Rd1d6 f5
31.Rh1d1 fxe4
32.Nc5xe4 Bc8f5
33.Ne4c5 Rf8f7
34.Kb2 Rf7e7
35.c4 Rc7c8
36.Rd6d8 Re7c7
37.Rd8xc8 Rc7xc8
38.Nc5b7 Rc8c7
39.Nb7d6 Rc7a7
40.Nd6xf5 gxf5
41.Rd1d5 Nb8a6
42.Bb5xa6 Ra7xa6
43.Rd5xe5 Kg6
44.b5 { resign }
1-0

[Event "Tourn. n8995"]
[Site "www.chess-mail.com"]
[Date "2016.10.20"]
[Round "1"]
[White "Libiesse"]
[Black "Mitja"]
[WhiteElo "1990"]
[BlackElo "1960"]
[Result "1/2-1/2"]
[Round "1"]
1.d4 d5
2.c4 dxc4
3.Ng1f3 e6
4.Nb1c3 Nb8d7
5.Qd1a4 c6
6.Qa4xc4 Nd7b6
7.Qc4b3 h6
8.Bc1f4 Bf8d6
9.Bf4xd6 Qd8xd6
10.e3 Ng8f6
11.a3 O-O
12.Bf1d3 Rf8d8
13.O-O Nf6h7
14.Rf1c1 Nh7f8
15.Nc3e4 Qd6e7
16.Ne4c5 Nf8d7
17.Rc1c3 Nd7xc5
18.Rc3xc5 Nb6d5
19.Ra1c1 Nd5b6
20.Qb3c2 Nb6d7
21.Rc5c3 Nd7f6
22.b4 Bc8d7
23.h3 Nf6d5
24.Rc3c4 Ra8c8
25.e4 Nd5f4
26.Bd3f1 b6
27.Nf3e5 Nf4g6
28.Ne5xc6 Bd7xc6
29.Rc4xc6 Rc8xc6
30.Qc2xc6 Rd8xd4
31.f3 Ng6f4
32.Qc6c7 Qe7xc7
33.Rc1xc7 a5
34.bxa5 bxa5
35.Rc7c5 Rd4a4
36.g3 Nf4g6
37.Rc5c3 Ng6e5
38.Kf2 g5
39.Bf1b5 Ra4d4
40.a4 Ne5d7
41.Ke3 e5
42.Rc3d3 Rd4xd3
43.Kxd3 Nd7b6
44.Bb5c6 f6
45.Bc6b5 { draw }
1/2-1/2

[Event "Tourn. n8983"]
[Site "www.chess-mail.com"]
[Date "2016.10.20"]
[Round "1"]
[White "Mao"]
[Black "Cal"]
[WhiteElo "1690"]
[BlackElo "1660"]
[Result "1-0"]
[Round "1"]
1.e4 e5
2.Ng1f3 d6
3.d4 exd4
4.Nf3xd4 c5
5.Nd4f3 h6
6.Nb1c3 Nb8c6
7.Bc1f4 Bc8g4
8.Bf1e2 Bg4xf3
9.Be2xf3 Ng8f6
10.O-O Nc6d4
11.Rf1e1 Bf8e7
12.e5 Nf6d7
13.exd6 Nd4e6
14.dxe7 Qd8xe7
15.Bf3xb7 Ra8d8
16.Bb7c6 O-O
17.Qd1f3 Nd7f6
18.Ra1d1 Rd8xd1
19.Re1xd1 Ne6d4
20.Qf3g3 Nd4xc6
21.Bf4d6 Qe7e6
22.Bd6xf8 Kxf8
23.Qg3d6 Qe6xd6
24.Rd1xd6 Nc6d4
25.Nc3d5 Nf6e4
26.Rd6a6 Nd4e2
27.Kf1 Ne2d4
28.Ra6xa7 c4
29.Ra7a8 { resign }
1-0

[Event "Tourn. n8990"]
[Site "www.chess-mail.com"]
[Date "2016.10.20"]
[Round "1"]
[White "Albertf"]
[Black "Manuelito"]
[WhiteElo "1700"]
[BlackElo "1629"]
[Result "1/2-1/2"]
[Round "1"]
1.e4 e5
2.Ng1f3 d6
3.Bf1c4 Nb8c6
4.Nb1c3 h6
5.d4 exd4
6.Nf3xd4 Nc6xd4
7.Qd1xd4 Qd8f6
8.Qd4xf6 Ng8xf6
9.O-O Bf8e7
10.Bc1f4 O-O
11.Nc3d5 Nf6xd5
12.Bc4xd5 Be7f6
13.c3 Bf6e5
14.Bf4e3 c6
15.Bd5b3 Bc8e6
16.Bb3c2 d5
17.exd5 Be6xd5
18.Rf1e1 Be5f6
19.Bc2b3 Bd5xb3
20.axb3 Rf8e8
21.Kf1 b6
22.Re1e2 Ra8d8
23.Ra1xa7 Rd8d1
24.Re2e1 Rd1xe1
25.Kxe1 c5
26.Ra7b7 Re8e6
27.Ke2 Kh7
28.Rb7xf7 Kg8
29.Rf7d7 g5
30.Rd7d3 Kg7
31.h3 Kg6
32.Kf3 Kf5
33.g4 Kg6
34.Kg3 Bf6e5
35.Kg2 Re6d6
36.Rd3xd6 Be5xd6
37.f3 Kf6
38.Be3f2 Bd6b8
39.h4 Bb8a7
40.hxg5 hxg5
41.Bf2e3 Ba7b8
42.b4 cxb4
43.cxb4 b5
44.Kf2 Bb8e5
45.b3 Be5c3
46.Be3c5 Ke5
47.Ke3 Bc3e1
48.Bc5d4 Kd5
49.Bd4c5 Ke5
50.Bc5d4 Kd5
51.Bd4c5 Ke5
52.Bc5d4 Kd5
{ draw }
1/2-1/2

[Event "Tourn. n8996"]
[Site "www.chess-mail.com"]
[Date "2016.10.20"]
[Round "1"]
[White "Guidom"]
[Black "Osopanda"]
[WhiteElo "2140"]
[BlackElo "2050"]
[Result "0-1"]
[Round "1"]
1.e4 e5
2.Ng1f3 f5
3.Nf3xe5 Ng8f6
4.exf5 d6
5.Ne5f3 Bc8xf5
6.d3 Nb8c6
7.Bf1e2 Bf8e7
8.O-O O-O
9.Bc1g5 Qd8e8
10.Rf1e1 Nc6e5
11.Nf3xe5 dxe5
12.Be2f3 Be7d6
13.Bf3xb7 Ra8b8
14.Qd1f3 Bf5e6
15.Bb7c6 Qe8g6
16.Bg5xf6 Rf8xf6
17.Qf3e4 Be6f5
18.Qe4c4 Bf5e6
19.Bc6d5 Rb8b4
20.Bd5xe6 Rf6xe6
21.b3 Rb4xc4
22.bxc4 e4
23.dxe4 Bd6e5
24.c3 Qg6h6
25.h3 Re6g6
26.Re1e3 Rg6c6
27.Nb1d2 Be5f4
{ resign }
0-1

[Event "Tourn. n8921"]
[Site "www.chess-mail.com"]
[Date "2016.10.20"]
[Round "1"]
[White "Sbb"]
[Black "Senitram"]
[WhiteElo "2650"]
[BlackElo "2720"]
[Result "1-0"]
[Round "1"]
1.d4 Ng8f6
2.c4 c5
3.d5 g6
4.Nb1c3 Bf8g7
5.e4 O-O
6.Ng1f3 d6
7.Bf1e2 Bc8g4
8.O-O Nb8d7
9.h3 Bg4xf3
10.Be2xf3 Qd8a5
11.Qd1c2 a6
12.Bf3e2 Rf8b8
13.a4 Nf6e8
14.Bc1d2 Qa5c7
15.g4 Bg7d4
16.Kh1 Rb8d8
17.f4 Rd8c8
18.a5 b6
19.axb6 Qc7xb6
20.Ra1a3 Bd4g7
21.g5 Ra8b8
22.b3 Bg7h8
23.h4 Ne8g7
24.Nc3d1 Rc8f8
25.Nd1e3 Ng7e8
26.Kg2 Qb6b7
27.h5 Bh8d4
28.Ne3g4 Kh8
29.hxg6 fxg6
30.Ng4h6 Ne8g7
31.Be2g4 Rb8c8
32.Qc2d3 Rc8e8
33.Bg4xd7 Qb7xd7
34.f5 Qd7b7
35.Rf1f3 Qb7b6
36.Bd2c3 Re8c8
37.Bc3xd4 cxd4
38.Ra3a1 { resign }
1-0

[Event "Match"]
[Site "www.echecsemail.com"]
[Date "2016.10.20"]
[Round "1"]
[White "Guidom"]
[Black "Ericleo1980"]
[WhiteElo "2030"]
[BlackElo "2190"]
[Result "1-0"]
[Round "1"]
1.e4 c5
2.Ng1f3 d6
3.Bf1c4 e6
4.c3 Ng8f6
5.d3 a6
6.O-O b5
7.Bc4b3 Nb8d7
8.Bc1g5 Bf8e7
9.Nb1d2 Bc8b7
10.Rf1e1 Qd8c7
11.Ra1c1 O-O
12.h3 Rf8e8
13.d4 cxd4
14.cxd4 Qc7a5
15.a3 Re8c8
16.e5 Rc8xc1
17.Qd1xc1 Ra8c8
18.Qc1d1 dxe5
19.dxe5 Bb7xf3
20.Nd2xf3 Nd7xe5
21.Nf3xe5 h6
22.Bg5xf6 Be7xf6
23.Ne5xf7 { resign }
1-0